000 00652nam a2200205 4500
003 CO-ViMGA
020 _a9789585833999
040 _aCO-ViMGA
_bspa
_cCO-ViMGA
090 _aN NOR3
100 1 _aNoriega, Luis, 1972
_92032
245 1 0 _aMediocristán es un país tranquilo /
_cLuis Noriega.
250 _aPrimera edición, 1a reimpresión
260 _aBogotá :
_bPenguin Random House,
_c2016.
300 _a167 páginas ;
_b23 cm
650 1 4 _aAutores Colombianos
_ySiglo XX
_912051
650 1 4 _aExistencialismo
_x Novela
_912052
650 1 4 _aLiteratura Colombiana
_ySiglo XX
_98269
650 1 4 _aNovela Colombiana
_ySiglo XX
_98275
942 _2ddc
_cBK
999 _c9574
_d9574